000 00548nam a2200169Ia 4500
008 090711s9999 xx 000 0 und d
082 _b78450
100 _aखाडीलकर उषा
245 _aइंग्रजी भाषा शिक्षण
260 _c1996
300 _a263
600 _aखाडीलकर उषा
630 _aइंग्रजी भाषा शिक्षण
700 _aखाडीलकर उषा
730 _aइंग्रजी भाषा शिक्षण
942 _cBOOK
999 _c312971
_d312971